| 000 | 01260nam2a22002531 4500 | ||
|---|---|---|---|
| 001 | rc\3700224 | ||
| 005 | 20250610101324.0 | ||
| 035 | _a(NLR Aleph) 007853608 | ||
| 090 |
_a7785524 _c7785524 |
||
| 100 | _a20130115d1969 |||y0rusy50 ca | ||
| 101 | 0 | _arus | |
| 102 | _aRU | ||
| 105 | _ay z ||||| | ||
| 200 | 0 |
_aЧ. 2 _fСост. А. Егорова и В. Мюркхейн |
|
| 210 |
_d1969 _aБ. м. |
||
| 215 | _a155 с. | ||
| 461 | 0 |
_1001rc\3700223 _12001#$aКнига для чтения$e(Хрестоматия)$eПособие для студентов$fМ-во высш. и сред. спец. образования ЭССР. Таллинский пед. ин-т им. Э. Вильде. Кафедра рус. яз.$vЧ. 2 _97785522 _cТаллин _d1969 _e3-е изд. _fМ-во высш. и сред. спец. образования ЭССР. Таллинский пед. ин-т им. Э. Вильде. Кафедра рус. яз. _nБ. и. _o(Хрестоматия) : Пособие для студентов _tКнига для чтения _vЧ. 2 |
|
| 702 | 1 |
_aМюркхейн _bВ. _4220 |
|
| 702 | 1 |
_aЕгорова _bА.С. _4220 |
|
| 801 | 0 |
_aRU _bNLR _gpsbo |
|
| 801 | 1 |
_aRU _bELAR _2rusmarc |
|
| 852 |
_aNLR _j70-2/1521 |
||
| 942 | _cBOOK | ||
| 980 | _aNB | ||